Nové formy predaja na slovenskom trhu diplomová práca

Guardado en:
Detalles Bibliográficos
Autor principal: Fáberová, Zdenka
Autor Corporativo: Obchodná fakulta EU. Katedra marketingu
Otros Autores: Rehák, Róbert, 1984-
Formato: Libro
Lenguaje:eslovaco
Publicado: Bratislava 2015
Etiquetas: Agregar Etiqueta
Sin Etiquetas, Sea el primero en etiquetar este registro!

MARC

LEADER 00000nbm a2200000 4500
001 0203016
005 20161212103428.7
041 0 |a slo 
044 |a SK 
245 1 0 |a Nové formy predaja na slovenskom trhu  |b diplomová práca  |c Zdenka Fáberová ; školiteľ: Róbert Rehák 
264 1 |a Bratislava  |c 2015 
300 |a 88 s. 
100 1 |a Fáberová, Zdenka 
700 1 |a Rehák, Róbert, 1984- 
710 2 |a Obchodná fakulta EU. Katedra marketingu